co to za ciagnik - Statystyki

Ogólne statystyki
  • Ten quiz został rozwiązany 387 razy
  • Średni wynik to 10 z 12
Statystyki odpowiedzi
Obrazkowy Odpowiedź % Poprawnych
ursus
100%
new holland
95%
zetor
93%
case
92%
john deere
92%
fendt
91%
deutz fahr
90%
valtra
89%
lamborghini
88%
kubota
87%
massey ferguson
82%
pronar
48%
Nie znaleziono quizów pasujących do podanych kryteriów
Rozkład punktacji
Procent ludzi z każdym wynikiem
Percentyl według liczby udzielonych odpowiedzi
Twoja historia wyników
Nie rozwiązałeś tego quizu